| 000 | 00953cam a2200217 4500 | ||
|---|---|---|---|
| 001 | WB3646-15 | ||
| 008 | 000000n2000 000 0 eng u | ||
| 035 | _a(Sirsi) u109423 | ||
| 245 | _aMore New Age bender villages likely in wake of Prescott ruling. | ||
| 260 | _c2000 | ||
| 490 |
_aIndependent on Sunday _v19 November 2000, 10(1) |
||
| 520 | _aJohn Prescott's ruling that refusing planning permission for sixteen wood-framed shelters at a New Age settlement in Somerset, considered an eyesore by local residents, and evicting the inhabitants would breach their human rights paves the way for other alternative lifestyle groups who want to set up camps. | ||
| 590 | _aWB | ||
| 650 | _aNEW AGE SETTLEMENTS | ||
| 650 | _aHUMAN RIGHTS ACT 1998 | ||
| 650 | _aPLANNING PERMISSION | ||
| 650 | _aPLANNING CONTROL | ||
| 650 | _aALTERNATIVE LIFESTYLE GROUPS | ||
| 690 | _aENVIRONMENTAL AND LAND CONSULTANCY-PLANNING AND DEVELOPMENT | ||
| 942 | _n0 | ||
| 999 |
_c65317 _d65317 |
||